000
003170000a22001450004500
003
MACL
040
_a
MACL
090
_c
49779
_d
49777
100
_a
Ahmad,Shehzad
245
_a
Great Scientists of India
260
_a
New Delhi
_b
Rishabh Books
_c
2012
350
_a
490
650
_a
Biography
942
_c
BOOK
_k
920/AHM
999
_c
49252
_d
49252